La guía definitiva de la gestión de proyectos : |b la vía rápida de todo ejecutivo para cumplir a tiempo y dentro del presupuesto / (Record no. 12096)
[ view plain ]
| 000 -CABECERA | |
|---|---|
| campo de control de longitud fija | 01171nam a2200277 4500 |
| 003 - IDENTIFICADOR DEL NÚMERO DE CONTROL | |
| campo de control | OSt |
| 005 - FECHA Y HORA DE LA ÚLTIMA TRANSACCIÓN | |
| campo de control | 20260530113910.0 |
| 008 - DATOS DE LONGITUD FIJA--INFORMACIÓN GENERAL | |
| campo de control de longitud fija | 260420b2007 sp a|||| |||| 00| 0 spa d |
| 020 ## - NÚMERO INTERNACIONAL ESTÁNDAR DEL LIBRO | |
| Número Internacional Estándar del Libro | 9788483223215 |
| 040 ## - FUENTE DE LA CATALOGACIÓN | |
| Centro catalogador/agencia de origen | ICI |
| Lengua de catalogación | spa |
| Centro/agencia transcriptor | ICI |
| 050 4# - SIGNATURA TOPOGRÁFICA DE LA BIBLIOTECA DEL CONGRESO | |
| Número de clasificación | HD69.P75 |
| Número de documento/Ítem | N6518 |
| 100 1# - ENTRADA PRINCIPAL--NOMBRE DE PERSONA | |
| Nombre de persona | Nokes, Sebastian, |
| Término indicativo de función/relación | autor |
| 9 (RLIN) | 33264 |
| 240 14 - TÍTULO UNIFORME | |
| Título uniforme | The definitive guide to project management |
| Lenguaje de la obra | Español |
| 245 10 - MENCIÓN DE TÍTULO | |
| Título | La guía definitiva de la gestión de proyectos : |b la vía rápida de todo ejecutivo para cumplir a tiempo y dentro del presupuesto / |
| Mención de responsabilidad, etc. | Nokes y Greenwood ; traducción, Yago Moreno López |
| 264 ## - PRODUCCIÓN, PUBLICACIÓN, DISTRIBUCIÓN, FABRICACIÓN Y COPYRIGHT | |
| Producción, publicación, distribución, fabricación y copyright | Madrid ; |a México : |
| Nombre del de productor, editor, distribuidor, fabricante | Financial Times/Prentice Hall, |
| Fecha de producción, publicación, distribución, fabricación o copyright | 2007 |
| 300 ## - DESCRIPCIÓN FÍSICA | |
| Extensión | xv, 242 páginas: |
| Otras características físicas | ilustraciones |
| 336 ## - TIPO DE CONTENIDO | |
| Fuente | rdacontent |
| Término de tipo de contenido | texto |
| 337 ## - TIPO DE MEDIO | |
| Fuente | rdamedia |
| Nombre/término del tipo de medio | sin medio |
| 338 ## - TIPO DE SOPORTE | |
| Fuente | rdacarrier |
| Nombre/término del tipo de soporte | volumen |
| 500 ## - NOTA GENERAL | |
| Nota general | Traducción de: The definitive guide to project management : the fast track to getting the job done on time and on budget |
| 650 4# - PUNTO DE ACCESO ADICIONAL DE MATERIA--TÉRMINO DE MATERIA | |
| Término de materia o nombre geográfico como elemento de entrada | Administración de proyectos |
| Subdivisión de forma | Manuales |
| 9 (RLIN) | 33265 |
| 700 1# - PUNTO DE ACCESO ADICIONAL--NOMBRE DE PERSONA | |
| Nombre de persona | Nokes, Sebastian |
| 9 (RLIN) | 33264 |
| 700 1# - PUNTO DE ACCESO ADICIONAL--NOMBRE DE PERSONA | |
| Nombre de persona | Greenwood, Alan, |
| Término indicativo de función/relación | autor |
| 9 (RLIN) | 33266 |
| 700 1# - PUNTO DE ACCESO ADICIONAL--NOMBRE DE PERSONA | |
| Nombre de persona | Moreno López, Yago, |
| Término indicativo de función/relación | traductor |
| 9 (RLIN) | 33267 |
| 942 ## - ELEMENTOS DE PUNTO DE ACCESO ADICIONAL (KOHA) | |
| Fuente del sistema de clasificación o colocación | Library of Congress Classification |
| Suprimir en OPAC | 0 |
| Tipo de ítem Koha | |
No items available.